00588cam a2200181 a 4500020002000000020002000020040000800040082002600048100002000074245001800094260006800112300002700180650001400207650001400221856006200235856005500297856005400352 a0335202683 (pb) a0335202691 (hb) cDLC00a305 OPE 2000 A013 Or.1 aBrewer, John D.10aEthnography / aBuckingham ;aPhiladelphia, PA :bOpen University Press,c2000. aviii, 211 p. ;c24 cm. 0aEthnology 0aEthnology42uhttp://www.loc.gov/catdir/description/mh051/00035625.html42uhttp://www.loc.gov/catdir/bios/mh051/00035625.html41uhttp://www.loc.gov/catdir/toc/mh051/00035625.html